| 000 | 01128nam a22003737a 4500 | ||
|---|---|---|---|
| 001 | 0024202 | ||
| 003 | KOHA_MİRAKIL | ||
| 005 | 20260207002434.0 | ||
| 007 | ta | ||
| 008 | 101112b2004 tu |||gr||||#||||0|tur | | ||
| 020 | _a9756360151 | ||
| 020 | _c25 | ||
| 040 |
_aTR-BiSEU _btur _cTR-BiSEU _erda |
||
| 041 | 0 | _atur | |
| 044 | _ctu | ||
| 050 |
_aBF449 _b.O38 2004 |
||
| 100 | 1 | _aÖğülmüş, Selahiddin. | |
| 245 | 1 |
_aBen sorun çözebilirim : _bkişilerarası sorun çözme becerileri ve eğitimi/ _cSelahiddin Öğülmüş ; Selahiddin Öğülmüş. |
|
| 264 | 1 |
_aAnkara : _bBabil Yayıncılık _c2004 |
|
| 300 | _ax, 156 sayfa; 20 cm. | ||
| 336 |
_ametin _btxt _2rdacontent |
||
| 337 |
_aaracısız _bn _2rdamedia |
||
| 338 |
_acilt _bnc _2rdacarrier |
||
| 490 | 1 |
_aBabil ; _v17. |
|
| 490 | 1 |
_a Güncel ; _v12. |
|
| 500 | _aKaynakça var. | ||
| 650 | 0 |
_aSorun çözme. _949562 |
|
| 650 | 0 |
_aProblem solving. _99242 |
|
| 650 | 0 |
_aKişilerarası ilişkiler. _96027 |
|
| 650 | 0 |
_aInterpersonal relations. _99209 |
|
| 830 | 1 |
_aBabil ; _v17. _949563 |
|
| 830 | 1 |
_a Güncel ; _v12. _949564 |
|
| 942 |
_2lcc _cBK |
||
| 999 |
_c24155 _d24155 |
||